000 00432 a2200157 4500
005 20250520064034.0
020 _a978-0-07319398-4
082 _aLECT 338.5 FRA
100 _aFRANK, R. H.
245 _aPrinciples of Micro-economics
250 _a3rd Ed.
260 _aBoston,
_bMcGraw-Hill,
_c2007.
300 _axxxi, 490p.: ill.; figure, picture, table.
_bGlossary & Index.
_c27cm.
700 _aBERNANKE, B. S.
942 _2ddc
_cBKS
999 _c2460
_d2460